000 00464 a2200169 4500
003 OSt
005 20240116154111.0
008 240116b |||||||| |||| 00| 0 eng d
020 _a9788182718005
040 _coclc
082 _a300
_bFAR/B
100 _aFareedi, F R
_98592
245 _aBahuswarathayum Indian Muslimkalu
_cDr. F R Fareedi
260 _aKerala:
_bIPH,
_c2016
300 _a79p
942 _2ddc
_cBK
_h300
_iFAR/B
_k300
_mFAR/B
999 _c43220
_d43220